[Event "European Youth Chess Championship G14"]
[Site "Prague, Top Hotel Prague"]
[Date "2012.08.21"]
[Round "5.41"]
[White "Chepelnikova, Maria"]
[Black "Kubosova, Hana"]
[Result "1-0"]
[WhiteElo "1655"]
[BlackElo "1517"]
[PlyCount "129"]
[EventDate "2012.08.17"]

1. e4 d6 2. d4 e5 3. d5 Nf6 4. f3 Nbd7 5. Be3 Be7 6. c4 Nb6 7. Nc3 Bd7 8. Bd3
O-O 9. Nge2 Ne8 10. Ng3 Bh4 11. Qd2 f5 12. exf5 Bxf5 13. Bxf5 Rxf5 14. Qd3 Rf7
15. O-O-O Bg5 16. b3 Nd7 17. Nce4 Bxe3+ 18. Qxe3 h6 19. h4 Nef6 20. Nf5 Nxe4
21. fxe4 Qf8 22. g4 Kh7 23. g5 h5 24. g6+ Kxg6 25. Qg5+ Kh7 26. Qxh5+ Kg8 27.
Rdg1 Rxf5 28. exf5 Qf7 29. Qxf7+ Kxf7 30. h5 Rh8 31. Rg2 Nf6 32. Rgh2 Ng4 33.
Rh4 Nh6 34. Rg1 Rh7 35. Rf1 Kf6 36. Rh3 Nxf5 37. Kd2 g6 38. Kd3 Kg5 39. Rg1+
Kf6 40. Rxg6+ Kf7 41. Rg2 Rh6 42. Rf2 Rf6 43. Rhf3 e4+ 44. Kxe4 Ng3+ 45. Kd3
Nxh5 46. Rxf6+ Nxf6 47. Kc3 Ke7 48. Re2+ Kd7 49. b4 c6 50. dxc6+ Kxc6 51. Re6
Nd7 52. c5 b6 53. Rxd6+ Kc7 54. Kd4 a5 55. bxa5 bxc5+ 56. Kd5 c4 57. Rc6+ Kb7
58. a6+ Kb8 59. a7+ Ka8 60. Rc8+ Kxa7 61. Rc7+ Kb6 62. Rxd7 c3 63. Rd6+ Kb5 64.
Rc6 Kb4 65. a4 1-0